KOHA-Header-6

PMP Bok Guide (PMBK) (Record no. 2051)

000 -LEADER
fixed length control field 00279nam a2200121Ia 4500
008 - FIXED-LENGTH DATA ELEMENTS--GENERAL INFORMATION
fixed length control field 190723s9999 xx 000 0 und d
100 ## - MAIN ENTRY--PERSONAL NAME
Personal name PMI Publishers
245 #0 - TITLE STATEMENT
Title PMP Bok Guide (PMBK)
250 ## - EDITION STATEMENT
Edition statement 6th
260 ## - PUBLICATION, DISTRIBUTION, ETC. (IMPRINT)
Place of publication, distribution, etc USA
Name of publisher, distributor, etc PMI Publishing
Date of publication, distribution, etc 2017
300 ## - PHYSICAL DESCRIPTION
Extent 756:p
942 ## - ADDED ENTRY ELEMENTS (KOHA)
Koha item type Books
Holdings
Withdrawn status Lost status Damaged status Not for loan Collection code Permanent Location Current Location Shelving location Date acquired Full call number Barcode Date last seen Price effective from Koha item type
        Management MAJU MAJU   2019-07-23 658.404 8674 2019-07-23 2019-07-23 Management

Powered by Koha